00346nam a22001097a 4500003000400000005001700004008004100021040000800062100004600070245009300116260002700209OSt20250929103433.0250926b |||||||| |||| 00| 0 eng d cKMU aBesa, EmmanueleFisheries and Aquaculture aAssessing the profitability of fish trade in Muchinga Province of Zambia/cEmmanuel Besa aChinsali:bKMU,c2021.